| 000 | 00595nam a2200181 i 4500 | ||
|---|---|---|---|
| 001 | 96493 | ||
| 003 | ES-MaACL | ||
| 005 | 20240523153403.0 | ||
| 007 | t| | ||
| 008 | 050627s1956 sp ||||1| spa d | ||
| 100 | 1 |
_aMajó Framis, Ricardo. _975648 |
|
| 245 | 1 | 0 |
_aVida y hechos de Fray Junipero Serra, fundador de la Nueva California / _cRicardo Majó Framis. |
| 260 |
_aMadrid : _bEspasa Calpe, _c1956. |
||
| 300 |
_a391 p., 20 lám. ; _c22 cm. |
||
| 600 | 1 | 7 |
_aJunípero Serra, _cSanto, _d1713-1784 _2 _9153812 |
| 852 |
_aES-MaACL _jC-10241 _bR.38744 |
||
| 999 |
_c96493 _d96493 |
||